000 00675npm a2200157 4500
003 OSt
005 20250405154513.0
008 250311b |||||||| |||| 00| 0 fre d
040 _cautismepaimpol.fr
245 _aCartes illustrées "Catégoriser"
246 _aS'entraîner à trier et à classer
500 _aLe pack contient 39 cartes réparties en 13 catégories différentes, chaque catégorie étant constituée d'un jeu de 3 cartes.
520 _aLes cartes sont conçues pour améliorer le discernement et les compétences de communication.
562 _dLes cartes mesurent : 14x15 cm et sont livrées dans une boîte de rangement pratique.
942 _cCARTPHOTO
999 _c148
_d148